Oportunidades equitativas desde la educación superior y el trabajo: diagnóstico en Latinoamérica y Europa

Shranjeno v:
Bibliografske podrobnosti
Main Authors: Gamboa Jiménez, Andrés (Author), Avendaño Caneo, Daniel (Author)
Format: Knjiga
Jezik:španščina
Izdano: Valparaíso PUCV 2014
Izdaja:1a. ed
Teme:
Oznake: Označite
Brez oznak, prvi označite!

MARC

LEADER 00000cam a2200000 a 4500
001 UCE9765
003 CL-VaPUC
008 151106e20140000cl |||||||||||||||||spa|d
020 |a 9789563587029 
082 0 4 |a 305.3  |b GAM  |2 21 
100 |a Gamboa Jiménez, Andrés  |e author  |9 799987 
700 0 |a Avendaño Caneo, Daniel  |e author  |9 582689 
245 1 0 |a Oportunidades equitativas desde la educación superior y el trabajo: diagnóstico en Latinoamérica y Europa 
250 |a 1a. ed 
300 |a 135 p 
942 |c BK 
945 |d 20151106 14:16:00  |a dcastane 
260 |a Valparaíso  |b PUCV  |c 2014 
650 7 |a IGUALDAD DE DERECHOS  |2 CL-VaPUC  |9 450533 
650 0 |a Igualdad de oportunidades  |9 331873 
583 |a last modification  |c 20181120 03:48:29  |k Rodrigo Vera 
999 |c 361410  |d 361408 
952 |0 0  |1 0  |3 erb  |4 0  |6 305_300000000000000_GAM_2014  |7 0  |8 A  |9 471883  |a BIBCUR  |b BIBCUR  |i 5247047  |o 305.3 GAM 2014  |p 5247047  |r 2025-04-22  |w 2019-11-24  |y BK  |z Catalogado en:20151106  |k PER 
952 |0 0  |1 0  |3 erb  |4 0  |6 305_300000000000000_GAM_2014  |7 0  |8 A  |9 471884  |a BIBCUR  |b BIBCUR  |i 5251656  |o 305.3 GAM 2014  |p 5251656  |r 2025-04-22  |w 2019-11-24  |y BK  |z Catalogado en:20151127  |k BCB 
952 |0 0  |1 0  |3 erb  |4 0  |6 305_300000000000000_GAM_2014  |7 0  |8 A  |9 471885  |a BIBEDU  |b BIBEDU  |i 5251680  |o 305.3 GAM 2014  |p 5251680  |r 2019-11-24  |w 2019-11-24  |y BK  |z Catalogado en:20151127  |k EDU 
952 |0 0  |1 0  |3 erb  |4 0  |6 305_300000000000000_GAM_2014  |7 0  |8 A  |9 471886  |a BIBGIM  |b BIBGIM  |i 5251710  |o 305.3 GAM 2014  |p 5251710  |r 2025-01-15  |w 2019-11-24  |y BK  |z Catalogado en:20151127  |k GIM 
952 |0 0  |1 0  |3 erb  |4 0  |6 305_300000000000000_GAM_2014  |7 0  |8 A  |9 471887  |a BIBING  |b BIBING  |i 5251745  |o 305.3 GAM 2014  |p 5251745  |r 2025-01-20  |w 2019-11-24  |y BK  |z Catalogado en:20151127  |k ING 
952 |0 0  |1 0  |3 erb  |4 0  |6 305_300000000000000_GAM_2014  |7 0  |8 A  |9 471888  |a BIBMEC  |b BIBMEC  |i 525177K  |o 305.3 GAM 2014  |p 525177K  |r 2024-01-19  |w 2019-11-24  |y BK  |z Catalogado en:20151127  |k MEC 
952 |0 0  |1 0  |3 erb  |4 0  |6 305_300000000000000_GAM_2014  |7 0  |8 A  |9 471889  |a BIBMAT  |b BIBMAT  |c E_DIDACT  |i 525180K  |o 305.3 GAM 2014  |p 525180K  |r 2025-01-07  |w 2019-11-24  |y BK  |z Catalogado en:20151127  |k MAT 
952 |0 0  |1 0  |3 erb  |4 0  |6 305_300000000000000_GAM_2014  |7 0  |8 A  |9 471890  |a BIBEDU  |b BIBEDU  |i 5251834  |o 305.3 GAM 2014  |p 5251834  |r 2019-11-24  |w 2019-11-24  |y BK  |z Catalogado en:20151127  |k LIT 
952 |0 0  |1 0  |3 erb  |4 0  |6 305_300000000000000_GAM_2014  |7 0  |8 A  |9 471891  |a BIBHIS  |b BIBHIS  |i 5251869  |o 305.3 GAM 2014  |p 5251869  |r 2025-01-20  |w 2019-11-24  |y BK  |z Catalogado en:20151127  |k HIS 
952 |0 0  |1 0  |2 ddc  |3 erb  |4 0  |6 305_300000000000000_GAM_2014  |7 0  |8 A  |9 471892  |a BIBALI  |b BIBALI  |c GEN  |i 5251893  |o 305.3 GAM 2014  |p 5251893  |r 2025-01-20  |w 2019-11-24  |y BK  |z Catalogado en:20151127  |k ALI 
952 |0 0  |1 0  |3 erb  |4 0  |6 305_300000000000000_GAM_2014  |7 0  |8 A  |9 471893  |a BIBDER  |b BIBDER  |i 5251923  |o 305.3 GAM 2014  |p 5251923  |r 2023-01-25  |w 2019-11-24  |y BK  |z Catalogado en:20151127  |k DER 
952 |0 0  |1 0  |3 erb  |4 0  |6 305_300000000000000_GAM_2014  |7 0  |8 R  |9 471894  |a BIBEDU  |b BIBEDU  |i 5251958  |o 305.3 GAM 2014  |p 5251958  |r 2023-01-12  |w 2019-11-24  |y BK_R  |z Catalogado en:20151127  |k MUS 
952 |0 0  |1 0  |3 erb  |4 0  |6 305_300000000000000_GAM_2014  |7 0  |8 A  |9 471895  |a BIBAGR  |b BIBAGR  |i 5251982  |o 305.3 GAM 2014  |p 5251982  |r 2025-01-20  |w 2019-11-24  |y BK  |z Catalogado en:20151127  |k AGR 
952 |0 0  |1 0  |3 erb  |4 0  |6 305_300000000000000_GAM_2014  |7 0  |8 P  |9 471896  |a BIBARQ  |b BIBARQ  |i 5252040  |o 305.3 GAM 2014  |p 5252040  |r 2025-01-20  |w 2019-11-24  |y BK  |z Catalogado en:20151127  |k ARQ 
952 |0 0  |1 0  |3 erb  |4 0  |6 305_300000000000000_GAM_2014  |7 0  |8 A  |9 471897  |a BIBCUR  |b BIBCUR  |i 5252075  |o 305.3 GAM 2014  |p 5252075  |r 2025-04-22  |w 2019-11-24  |y BK  |z Catalogado en:20151127  |k PER 
952 |0 0  |1 0  |3 erb  |4 0  |6 305_300000000000000_GAM_2014  |7 0  |8 A  |9 471898  |a BIBENE  |b BIBENE  |i 5252105  |o 305.3 GAM 2014  |p 5252105  |r 2025-01-15  |w 2019-11-24  |y BK  |z Catalogado en:20151127  |k ICO 
952 |0 0  |1 0  |3 erb  |4 0  |6 305_300000000000000_GAM_2014  |7 0  |8 ?  |9 471899  |a FDOBUD  |b FDOBUD  |i 525213K  |o 305.3 GAM 2014  |p 525213K  |r 2019-11-24  |w 2019-11-24  |y BK  |z Catalogado en:20151127  |k FHP 
952 |0 0  |1 0  |3 erb  |4 0  |6 305_300000000000000_GAM_2014  |7 0  |8 A  |9 471900  |a BIBING  |b BIBING  |i 5252164  |o 305.3 GAM 2014  |p 5252164  |r 2025-01-20  |w 2019-11-24  |y BK  |z Catalogado en:20151127  |k EII